Synchronization of Capacitated Vehicle Routing Problem Among Periods
Synchronizácia distribúcie počas časových období. Prístup je založený na riešení klasickej úlohy rozvozu, pričom sa však uvažuje so zmenou požiadaviek zákazníkov počas daných období. Cieľom je, okrem minimalizácie celkovej vzdialenosti, aj dosiahnutie stability riešenia, čo by mohlo viesť k určitému...
Gespeichert in:
| 1. Verfasser: | |
|---|---|
| Weitere Verfasser: | , |
| Format: | Buchkapitel |
| Sprache: | Englisch |
| Schlagworte: | |
| Tags: |
Keine Tags, Fügen Sie das erste Tag hinzu!
|
MARC
| LEADER | 00000naa a2200000 4500 | ||
|---|---|---|---|
| 001 | 0227970 | ||
| 005 | 20240502073744.2 | ||
| 041 | 0 | |a eng | |
| 044 | |a SK | ||
| 245 | 1 | 0 | |a Synchronization of Capacitated Vehicle Routing Problem Among Periods |c Juraj Pekár, Ivan Brezina, Zuzana Čičková |
| 520 | |a Synchronizácia distribúcie počas časových období. Prístup je založený na riešení klasickej úlohy rozvozu, pričom sa však uvažuje so zmenou požiadaviek zákazníkov počas daných období. Cieľom je, okrem minimalizácie celkovej vzdialenosti, aj dosiahnutie stability riešenia, čo by mohlo viesť k určitému zjednodušeniu plánovania prepravy. | ||
| 610 | 2 | 0 | |a distribúcia |
| 610 | 2 | 0 | |a služby dopravné |
| 610 | 2 | 0 | |a logistika |
| 610 | 2 | 0 | |a modelovanie ekonometrické |
| 100 | 1 | |a Pekár, Juraj, 1972- | |
| 700 | 1 | |a Brezina, Ivan, 1963- | |
| 700 | 1 | |a Čičková, Zuzana, 1978- | |